| 000 | 00734nam a2200217Ia 4500 | ||
|---|---|---|---|
| 008 | 191130s2006##################000#0#eng## | ||
| 020 | _a9780205452156 | ||
| 040 |
_aACL _cACL |
||
| 082 | _a344.73071 ESS | ||
| 100 | _aEssex, Nathan L | ||
| 245 |
_aA teacher's pocket guide to school law _cNathan L. Essex |
||
| 260 |
_aNew Delhi _bPearson Education _c2006 |
||
| 300 | _axxiii, 215 p. ; 21 cm | ||
| 500 | _aIncludes bibliographical references and index | ||
| 650 | _aEducational law | ||
| 650 | _aEducational law and legislation - United States - Handbooks, manuals, etc | ||
| 650 | _aSchool management and organization - United States | ||
| 990 | _aa7367543ac10000c46aed2a2d5a01d61 | ||
| 991 | _a342293 | ||
| 999 |
_c359379 _d359379 |
||